| Tag |
First Indicator |
Second Indicator |
Subfields |
| LEADER |
00000cam a2200000 4500 |
| 001 |
in00000056654 |
| 005 |
20151008050347.0 |
| 008 |
800430s1958 ne a b 00000 dut d |
| 035 |
|
|
|a (OCoLC)06261913
|
| 035 |
|
|
|9 AAG0624AM
|
| 040 |
|
|
|a TXA
|c TXA
|d UtOrBLW
|
| 049 |
|
|
|a TXAM
|c [307993]
|
| 090 |
|
|
|a HC240
|b .M4
|
| 092 |
|
|
|a 330.943
|b M511e
|
| 100 |
1 |
|
|a Meier, E. W.
|q (Emile Winfried)
|
| 245 |
1 |
3 |
|a De Europese economische integratie.
|
| 264 |
|
1 |
|a Leiden :
|b H.E. Stenfert Kroese,
|c 1958.
|
| 300 |
|
|
|a xv, 347 pages :
|b diagrams ;
|c 23 cm.
|
| 336 |
|
|
|a text
|b txt
|2 rdacontent
|
| 337 |
|
|
|a unmediated
|b n
|2 rdamedia
|
| 338 |
|
|
|a volume
|b nc
|2 rdacarrier
|
| 490 |
0 |
|
|a Aspecten der economische politiek, VI
|
| 504 |
|
|
|a Bibliography: pages [341]-347.
|
| 610 |
2 |
0 |
|a Organisation for European Economic Co-operation.
|
| 610 |
2 |
0 |
|a European Coal and Steel Community.
|
| 610 |
2 |
0 |
|a European Economic Community.
|
| 610 |
2 |
0 |
|a Euratom.
|
| 651 |
|
0 |
|a Europe
|x Economic policy.
|
| 999 |
|
|
|a MARS
|
| 999 |
f |
f |
|s 489f1c3a-3d3e-3424-9600-1cf8cc2fb467
|i 09a24d43-88fc-335c-8328-dc839fd86875
|t 0
|
| 952 |
f |
f |
|p ric
|a Texas A&M University
|b Rellis Campus
|c Joint Library Facility
|d Remote Storage
|t 0
|e HC240 .M4
|h Library of Congress classification
|i unmediated -- volume
|m A14800702366
|
| 998 |
f |
f |
|a HC240 .M4
|t 0
|l Remote Storage
|